Application of Multi-Sensor Fusion Technology in Target Detection and Recognition (Record no. 18539)

MARC details
000 -LEADER
fixed length control field 01181nam a2200133Ia 4500
008 - FIXED-LENGTH DATA ELEMENTS--GENERAL INFORMATION
fixed length control field 220615s9999||||xx |||||||||||||| ||und||
020 ## - INTERNATIONAL STANDARD BOOK NUMBER
International Standard Book Number 9783040000000
245 #0 - TITLE STATEMENT
Title Application of Multi-Sensor Fusion Technology in Target Detection and Recognition
546 ## - LANGUAGE NOTE
Language note English[eng]
650 ## - SUBJECT ADDED ENTRY--TOPICAL TERM
Topical term or geographic name entry element target detection||multi-platform imaging||spectral matching||terrestrial-hyperspectral imagery||automated image analysis||spectral library||multi-sensor fusion||object detection||deep learning||convolutional neural networks||autonomous vehicles||marine environment||co-operative||autonomous||multi-robot||USV||AUV||semantic SLAM||YOLOv3||object based map||EKF||specular reflection detection||specular reflection inpainting||transparent object||multispectral polarimetric imagery||light field||maritime vessel dataset||ship detection||convolutional neural network||autonomous marine navigation||machine learning||inversion||ocean colour||phytoplankton||pigment vertical profile||deep chlorophyll maximum||Tara Oceans||MAREDAT||pigments||ITCOMP-SOM||Self Organizing Maps
700 ## - ADDED ENTRY--PERSONAL NAME
Personal name Heikkonen, Jukka||Farahnakian, Fahimeh
856 ## - ELECTRONIC LOCATION AND ACCESS
Uniform Resource Identifier <a href="https://mdpi.com/books/pdfview/book/5043">https://mdpi.com/books/pdfview/book/5043</a>
942 ## - ADDED ENTRY ELEMENTS (KOHA)
Koha item type E-Books
Holdings
Withdrawn status Lost status Damaged status Not for loan Home library Current library Date acquired Total Checkouts Date last seen Price effective from Koha item type
        Kerala University of Digital Sciences, Innovation and Technology Knowledge Centre Kerala University of Digital Sciences, Innovation and Technology Knowledge Centre 15/06/2022   15/06/2022 15/06/2022 E-Books